000 00477nam a2200145 4500
001 122740
003 ES-MaACL
007 t|
008 070214s1955 sp r ||||1| spa d
100 1 _aPuig y Roig, P.
_994289
245 1 0 _aPara una generación mejor
_b: procreación consciente, higiene prenatal, puericultura /
_cP. Puig y Roig.
260 _aBarcelona :
_bDalmau y Jover,
_c1955.
300 _a1000 p., 13 lám. :
_bil. ;
_c26 cm.
852 _aES-MaACL
_jC-8281
_bR.37561
999 _c122740
_d122740